000 00512nam a2200181Ia 4500
005 20250508155947.0
008 008 250505s9999 xx 000 0 eng d
037 _aBooks to be hide in OPAC
040 _aFEDL
_beng
_cFEDL
041 _aeng
_2eng
084 _a379.684, NAT/O
_qFEDL
245 0 _aReport of the superintendent of education for the province of Natal 1926
245 0 _cNantal
260 _c1926
300 _a14p
942 _cHB
_h379.684, NAT/O
999 _c1360449
_d1360449